Представление документа в формате MARC21

ПолеНазваниеЗначение
  Тип записи a
  Библиографический уровень m
001 Контрольный номер RU\infra-m\znanium\bibl\2226779
005 Дата корректировки 20260429142111.0
008 Кодируемые данные 251031s2025 RU g rus u
020 Индекс ISBN __
a ISBN 978-5-9729-2283-3
040 Источник каталогиз. __
a Служба первич. каталог. Общество с ограниченной ответственностью «ЗНАНИУМ»
041 Код языка издания __
a Код языка текста rus
044 Код страны публикации __
a Код страны публикации RU
080 Индекс УДК __
a Индекс УДК 539
084 Индекс другой классификации/Индекс ББК __
2 Источник индекса rubbk
a Индекс другой классификации/Индекс ББК 30
084 Индекс другой классификации/Индекс ББК __
2 Источник индекса okso
a Индекс другой классификации/Индекс ББК 12.03.01
084 Индекс другой классификации/Индекс ББК __
2 Источник индекса okso
a Индекс другой классификации/Индекс ББК 12.04.01
084 Индекс другой классификации/Индекс ББК __
2 Источник индекса okso
a Индекс другой классификации/Индекс ББК 17.05.01
084 Индекс другой классификации/Индекс ББК __
2 Источник индекса okso
a Индекс другой классификации/Индекс ББК 20.03.01
084 Индекс другой классификации/Индекс ББК __
2 Источник индекса okso
a Индекс другой классификации/Индекс ББК 27.03.05
100 Автор __
a Автор Савелькаев С.В.
q Полное имя Савелькаев Сергей Викторович
u Дополнение Сибирский государственный университет геосистем и технологий
245 Заглавие __
a Заглавие Сопротивление материалов. Практикум
b Продолж. заглавия Учебное пособие
c Ответственность Сибирский государственный университет геосистем и технологий
250 Сведения об издании __
a Основные сведения об издании 1
260 Выходные данные __
a Место издания Вологда
b Издательство Инфра-Инженерия
c Дата издания 2025
300 Физическое описание __
a Объем 140 с.
520 Аннотация __
a Аннотация Включены 13 заданий в 30 вариантах по расчету стержней и балок различногопрофиля на прочность и жесткость при различных видах деформаций таких как растяжение и сжатие кручение изгиб при одновременном построении эпюр внутренних силовых факторов. Также представлены задания по определению геометрических характеристик плоских сечений и задания на устойчивость стержней. Для всех заданий даны подробные примеры их решения. Для обучающихся по дисциплине «Сопротивление материалов» специальность 17.05.01 «Боеприпасы и взрыватели» (уровень специалитета) может быть использован по направлениям подготовки 12.03.01 «Приборостроение» 12.03.02 «Оптотехника» 20.03.01 «Техносферная безопасность» 27.03.05 «Инноватика» (уровень бакалавриата).
521 Примеч. о цел. назн. __
a Примеч. о целев. назн. ВО - Бакалавриат
650 Тематические рубрики __
a Основная рубрика Общетехнические дисциплины
x Основная подрубрика Техническая механика. Сопротивление материалов
655 Указ. предметных рубрик (устаревшее) __
a Жанр/ форма (устаревшее) Учебное пособие
856 Электронный адрес документа 4_
a Имя сервера/домена znanium.ru
m Помощь ebs_support@infra-m.ru
n Местонахождение сервера НИЦ ИНФРА-М
u URL https://znanium.ru/catalog/document?id=470121
856 Электронный адрес документа 48
a Имя сервера/домена znanium.ru
d Путь /cover/2226
f Электронное имя 2226779.jpg
q Тип электронного формата image/jpeg
u URL https://znanium.ru/cover/2226/2226779.jpg
911 __
u 0030=https://znanium.ru/catalog/document?id=470121